| 000 | 00424nam a22001337a 4500 | ||
|---|---|---|---|
| 082 | _aMS-CSE-2 ATH | ||
| 100 |
_aAther Suleman _998957 |
||
| 245 | _aEvaluation & enhancement of voip capacity in ieee 802.11n wlans | ||
| 260 |
_aIslamabad _bNUST university _c2013 |
||
| 300 |
_a54p. : _eCD-Rom |
||
| 500 | _aSupervisor: Dr. Zawar Hussain Shah | ||
| 856 | _uhttp://10.250.8.41:8080/xmlui/handle/123456789/9641 | ||
| 942 |
_cPR _2ddc |
||
| 999 |
_c12262 _d12262 |
||